000 00727nam a22002177a 4500
999 _c11067
_d11067
003 AR-CdUCM
008 190329b ||||| |||| 00| 0 spa d
040 _aMUNICIPALIDAD PROVINCIAL DEL CUSCO
_cBIBLIOTECA MUNICIPAL DEL CUSCO
082 _aES / 373.700 /
_bH81
100 _aHoyos Peña, Julio
_926736
245 _aEducación Artística :
_bSegundo año de educación secundaria /
260 _aLima :
_bUniverso S. A.
300 _a132 páginas ;
_bilustraciones, graficos, dibujos,
_c27cm
500 _a2do de Educación Secundaria
505 _aContenido: Arte
650 _aArtística
_926737
650 _aTexto educativo
_925832
650 _aCuaderno de trabajo
_911620
942 _2ddc
_cLIBROS
945 _apjha